| 000 | 00527nam a2200181 a 4500 | ||
|---|---|---|---|
| 005 | 20140310183518.0 | ||
| 008 | 110125s19uu xx 00 eng d | ||
| 020 | _a9780230223622 | ||
| 050 |
_a PN 1996 _b.P75 2010 |
||
| 100 | _aPrice, Steven | ||
| 245 |
_aThe screenplay : _bauthorship, theory and criticism / _cSteven Price. |
||
| 260 |
_aUnited Kingdom : _bPalgrave McMillan, _c2010. |
||
| 300 |
_a209 p. : _c22 cm. |
||
| 521 | _aMC | ||
| 650 | _aMotion pictures-authorship. | ||
| 942 |
_cBK _2lcc _kFOR |
||
| 999 |
_c24340 _d24340 |
||